Piggy Skins - Statistics

General Stats
  • This quiz has been taken 47 times
  • The average score is 57 of 215
Answer Stats
Skin % Correct
???
100%
Piggy
90%
Father
81%
Mother
81%
Little Brother
76%
Pandy
67%
Sheepy
67%
Teacher
67%
Torcher
67%
Doggy
62%
Grandmother
62%
Mr. P
62%
Soldier
62%
Angel
57%
Badgy
57%
Bunny
57%
Clowny
57%
Dessa
57%
Pony
57%
Rash
57%
Tigry
57%
Daisy
52%
Devil
52%
Foxy
52%
Memory
52%
Mrs. P
52%
Officer Doggy
52%
Robby
52%
Zizzy
52%
Zompiggy
52%
Budgey
48%
Kitty
48%
Mimi
48%
Willow
48%
Dinopiggy
43%
Distorted Piggy
43%
Giraffy
43%
Owell
43%
Alfis
38%
Archie
38%
Beary
38%
Billy
38%
Felix
38%
Gus
38%
Katie
38%
Mr. Stitchy
38%
Ombra
38%
Phenna
38%
Poley
38%
Pumpiggy
38%
Raze
38%
Reindessa
38%
Skelly
38%
Spidella
38%
Anteo
33%
Baren
33%
Delta
33%
Duocara
33%
Elly
33%
Fergus
33%
Frostiggy
33%
Gold Piggy
33%
Kona
33%
Mari
33%
Markus
33%
Sam
33%
Bakari
29%
Crove
29%
Dakoda
29%
Glenn
29%
Laura
29%
Mousy
29%
Nor
29%
Percy
29%
Red Little Brother
29%
Scientist Sheepy
29%
Shardantus
29%
Silzous
29%
Twilight Bunny
29%
Twilight Sheepy
29%
Twins
29%
Bess
24%
Blatt
24%
Bobby
24%
Boris
24%
Decayed Teacher
24%
Dmitry
24%
Glitchy Memory
24%
Green Sheepy
24%
Gryffyn
24%
GUESTY
24%
Hornz
24%
Jakayla
24%
Marley Russell
24%
Moopy
24%
Mr. Bliss
24%
PIGGY.EXE
24%
Primrose
24%
Purple Bunny
24%
Red Dinopiggy
24%
Soldier Zizzy
24%
Sterling
24%
The Jawbreaker
24%
Uniform Tigry
24%
White Torcher
24%
Bela
19%
Blue Budgey
19%
Blue Grandmother
19%
Blue Mimi
19%
Brown Teacher
19%
Carver
19%
Costume Pony
19%
Dark Dress Piggy
19%
Decaying Infected
19%
Female Clowny
19%
Green Archie
19%
Green Doggy
19%
Green Kona
19%
Inverted Memory
19%
Kolie
19%
Krampiggy
19%
Mad Scientist Kona
19%
Masked Doggy
19%
Orange Father
19%
Parasee
19%
Persy Pike
19%
Pink Zizzy
19%
Plushie Dinopiggy
19%
Purple Alfis
19%
Rachna
19%
Sparky
19%
The Chained
19%
The Prototype
19%
Tobi
19%
Uniform Pandy
19%
Vulture
19%
Wei-Min
19%
White Kitty
19%
White Mari
19%
White Skelly
19%
Alternate Badgy
14%
Alternate Bunny
14%
Alternate Crove
14%
Black Soldier
14%
Blue Foxy
14%
Blue Markus
14%
Blue Tigry
14%
Centrell
14%
Chef Kitty
14%
Fashionista Daisy
14%
Ghostly
14%
Great Performer Felix
14%
Green Delta
14%
Gurty
14%
Ice Queen Frostiggy
14%
Inverted Zompiggy
14%
Kamosi
14%
Kenneth Archie
14%
Kraxicorde
14%
Lisa
14%
Mayor Duocara
14%
Meisery
14%
Noir Mari
14%
Purple Dessa
14%
Red Dakoda
14%
Red Felix
14%
Red Rash
14%
Sentinel
14%
Skuld
14%
Sweet Reindessa
14%
Tarantula Spidella
14%
The Whisper
14%
Toy Robby
14%
Turquoise Mother
14%
War Machine Delta
14%
Whiteout Queen Angel
14%
White Robby
14%
Alternate Kamosi
10%
Alternate Katie
10%
Blue Badgy
10%
Crystalized Raze
10%
Eelektra
10%
Elf Mousy
10%
Festive Moonie
10%
Green Beary
10%
Grey Giraffy
10%
Icebreaker Tobi
10%
Knight Dakoda
10%
Mega Tank
10%
Military Daisy
10%
Moonie
10%
Orange Kolie
10%
Pickle
10%
Red Raze
10%
Red Tobi
10%
Snowy Pumpiggy
10%
The Malevolent
10%
The Pyscho
10%
TSP Alternate Pandy
10%
Uniform Katie
10%
White Offer Doggy
10%
Winter Bison Billy
10%
2D Gurty
5%
Alternate Moopy
5%
Dolls Twins
5%
Green Parasee
5%
Pickle Rick
5%
Priate Ghostly
5%
Real Sketch
5%
Red Elly
5%
Red Kraxicorde
5%
Red Spidella
5%
Scarletta
5%
TSP Uniform Tigry
5%
Willer
5%
No matching quizzes found
Score Distribution
Percent of People with Each Score
Percentile by Number Answered
Your Score History
You have not taken this quiz